000 00723nam a2200253Ia 4500
003 OSt
005 20220918165336.0
006 a|||||r|||| 00| 0
007 ta
008 220917b |||||||| |||| 00| 0 eng d
020 _a389 04567 5
024 _a32,777
037 _cTextual
040 _aARTS
_cARTS
_beng
041 _2eng
_aeng
082 _aO111,2M71:g, L2
100 _aBushrui S B
_923905
245 0 _aCentuary tribute to John Millington Synge 1871-1909
_b Sunshine and the moon's delight
260 _aN York
_bBarnes and Boble USA
_c1972
300 _a356p.
_ccm.
650 _aENGLISH LITERATURE
942 _hO111,2M71:g, L2
_cTEXL
_2CC
999 _c129425
_d129425